000 01094nam a2200253Ia 4500
008 130821s1998 xxu gr spa
020 _a1886938423
040 _aCo-BoUCM
_bspa
041 0 0 _aspa
111 1 _aSimposio de Ciudades y Foro de Buenas Prácticas en Gestión Urbana (1997: Barcelona, España)
_9158159
245 1 3 _aLa ciudad en el siglo XXI
_bExperiencias exitosas en gestión del desarrollo Urbano en América Latina
_cEditado por Eduardo Rojas, Robert Daughters
260 _aNueva York (Estados Unidos)
_bBanco Interamericano de Desarrollo
_c1998
300 _a362 páginas
504 _aIncluye bibliografía
650 0 4 _aDesarrollo de la comunidad urbana
_912939
650 0 4 _aPolítica de vivienda
_921968
650 0 4 _aSociología
_9386
650 0 4 _aTransporte urbano
_925707
650 0 4 _aUrbanismo
_925989
650 0 4 _aUrbanismo
_xFinanzas
_vCongresos, conferencias, etc.
_vCongresos, conferencias, etc.
_98216
700 1 _aRojas, Eduardo; Daughters, Robert; Ed.
_9158160
942 _cLIBRO
_a5
_e1
_mS616C
_2DEWEY
_h307.12
999 _c31659
_d31659